00688 2200241 4500001002100000005001500021035002000036245011200056100001800168250000600186300003500192700001300227260004700240082001200287084001800299020002200317650002200339990001700361990001700378990001700395990001700412990001700429INLIS00000000000029020180925050117 a0010-09180001441 aSejarah Indonesia 6 :bZaman Pendudukan Jepang dan Kemerdekaan Indonesia /cEko Praptanto; Editor, Fidelara0 aEko Praptanto a- avi, 80 hlm. :bilus. ;c25 cm.0 aFidelara aJakarta :bPT Bina Sumber Daya MIPA,c2010 a959.803 a959.803 EKO s a978-979-050-020-4 aSejarah Indonesia a01223/P/2018 a01224/P/2018 a01225/P/2018 a01226/P/2018 a04459/P/2018